000 00367nam a2200133Ia 4500
005 20260328101530.0
008 260328s9999||||xx |||||||||||||| ||und||
100 _aBrodbent, Geoffrey
245 0 _aDiseño Arquitectónico :
_b Arquitectura y ciencias Humanas /
_cGeoffrey Brodbent
260 _bGustavo Gili
300 _a463 p.
650 _aARQUITECTURA
942 _cBK
999 _c9935
_d9935